Bulgarian license plate codes - Statistics

General Stats
  • This quiz has been taken 113 times
  • The average score is 20 of 28
Answer Stats
Code Answer % Correct
B Varna
84%
A Burgas
82%
M Montana
81%
CT Stara Zagora
81%
BT Veliko Tarnovo
81%
Y Yambol
81%
X Haskovo
78%
PB Plovdiv
78%
BP Vratsa
78%
CM Smolyan
77%
PK Pernik
76%
EH Pleven
74%
BH Vidin
74%
P Ruse
72%
TX Dobrich
69%
K Kardzhali
69%
PP Razgrad
69%
OB Lovech
68%
KH Kyustendil
66%
CC Silistra
66%
E Blagoevgrad
65%
PA Pazardzhik
65%
H Shumen
62%
T Targovishte
62%
CH Sliven
61%
C,CA,CB Sofiya
61%
EB Gabrovo
58%
CO Sofiya Oblast
43%
No matching quizzes found
Score Distribution
Percent of People with Each Score
Percentile by Number Answered
Your Score History
You have not taken this quiz